<?xml version="1.0" encoding="UTF-8"?>
<collection xmlns="http://www.loc.gov/MARC21/slim">
  <record>
    <leader>00000nam  2200000   4500</leader>
    <controlfield tag="001">INLIS000000000018841</controlfield>
    <controlfield tag="005">20241218033225</controlfield>
    <datafield tag="035" ind1="#" ind2="#">
      <subfield code="a">0010-1224000212</subfield>
    </datafield>
    <controlfield tag="007">ta</controlfield>
    <controlfield tag="008">241218################g##########0#eng##</controlfield>
    <datafield tag="082" ind1="#" ind2="#">
      <subfield code="a">621.319.21</subfield>
    </datafield>
    <datafield tag="084" ind1="#" ind2="#">
      <subfield code="a">621.319.21 CUR d</subfield>
    </datafield>
    <datafield tag="100" ind1=" " ind2="#">
      <subfield code="a">Curtis, H. Allen</subfield>
    </datafield>
    <datafield tag="245" ind1="1" ind2="#">
      <subfield code="a">Design Of Switching Circuits /</subfield>
      <subfield code="c">H. Allen Curtis</subfield>
    </datafield>
    <datafield tag="260" ind1="#" ind2="#">
      <subfield code="a">New York :</subfield>
      <subfield code="b">D. Van Nostrand Company, Inc,</subfield>
      <subfield code="c">1962</subfield>
    </datafield>
    <datafield tag="300" ind1="#" ind2="#">
      <subfield code="a">viii, 635 hlm. :</subfield>
      <subfield code="b">ind., ill. ;</subfield>
      <subfield code="c">23 cm</subfield>
    </datafield>
    <datafield tag="650" ind1="#" ind2="4">
      <subfield code="a">Design Of Switching Circuits</subfield>
    </datafield>
    <datafield tag="520" ind1="#" ind2="#">
      <subfield code="a">The initial chapter of this book introduces switching elements prevalent in present day digital computers and other systems using logical circuitry. Chapter 2 deals with three methods of systematically apllying the rules of Boolean algebra to obtain economical two stage switching networks. Chapter 3 and 4 form the first steps toward the development od a systematic and efficient procedure for deriving economical multistage switching circuits....</subfield>
    </datafield>
    <datafield tag="990" ind1="#" ind2="#">
      <subfield code="a">11128</subfield>
    </datafield>
  </record>
</collection>
